000 01247cam a2200229 4500
001 ABS65522
008 020529n2002 000 0 eng u
035 _a(Sirsi) u118216
100 _aMarshall, D.
245 _aStructural change
260 _c2002
490 _aHousing Today
_v 16 May 2002, 19(1)
520 _aPresents a four-step programme to help RSLs cope with the task of rent restructuring. Government policy aims to minimise the differences in rents between similar properties in the same localities but with different landlords, as well as those between similar properties in different locations. Gives an overview of rent and affordability policies among associations prior to restructuring and then sets out practical approaches to measure the affordability of rents which will assist in conforming to government's restructuring. Approach taken from "Getting rents right? Guide to local rents: parts I and II", priced £10 and available from the Housing Corporation on 020 7393 2228.
590 _aABS
650 _aREGISTERED SOCIAL LANDLORDS
650 _aRENT RESTRUCTURING
650 _aAFFORDABILITY
650 _aHOUSING NEEDS
650 _aGOVERNMENT POLICY
690 _aAffordable housing
_96215
942 _n0
999 _c70392
_d70392